000 00547nam a2200169Ia 4500
008 090711s9999 xx 000 0 und d
082 _b47131
100 _aकुलकर्णी जी. ए.
245 _aएक अरबी कहाणी
260 _bविश्वमोहिनी
_c1983
300 _a255
600 _aकुलकर्णी जी. ए.
630 _aएक अरबी कहाणी
700 _aकुलकर्णी जी. ए.
730 _aएक अरबी कहाणी
942 _cBOOK
999 _c330003
_d330003